[Event "CYCC U12 w"]
[Site "Kapuskasing CAN"]
[Date "2004.07.09"]
[Round "7"]
[White "Kagramanov, Dalia"]
[Black "Ferguson, Amy"]
[Result "1/2-1/2"]
[WhiteElo "1227"]
[BlackElo "1188"]
[PlyCount "106"]
[GameId "2160767911095920"]
[EventDate "2004.07.06"]
[EventType "tourn"]
[EventRounds "7"]
[EventCountry "CAN"]

1. e4 e5 2. Nf3 Nc6 3. Bc4 Nf6 4. d3 Bc5 5. c3 d5 6. Bb5 Bg4 7. Bg5 dxe4 8. dxe4 Qxd1+ 9. Kxd1 Nxe4 10. Kc2 f6 11. Be3 Bxe3 12. fxe3 Bd7 13. Nbd2 a6 14. Nxe4 axb5 15. Rad1 Bf5 16. Nfd2 O-O 17. Kc1 Rxa2 18. Kb1 Rfa8 19. Kc2 b4 20. Kc1 b3 21. Nf2 Ra1+ 22. Nb1 Rxb1+ 23. Kd2 Rxb2+ 24. Ke1 Rba2 25. e4 b2 26. exf5 Ra1 27. Kd2 Rd8+ 28. Kc2 Rdxd1 29. Rxd1 Rxd1 30. Nxd1 Ne7 31. Ne3 g5 32. g4 Kf8 33. Kxb2 Ke8 34. Kb3 Kd7 35. Kc4 c6 36. Kc5 b5 37. h3 Kc7 38. c4 bxc4 39. Nxc4 e4 40. Kd4 Ng6 41. Kxe4 Nh4 42. Kd4 Nf3+ 43. Kc5 Ng1 44. Nd6 Kd7 45. Ne4 Nxh3 46. Nxf6+ Ke7 47. Nxh7 Nf2 48. Kxc6 Nxg4 49. Kd5 Nf6+ 50. Nxf6 Kxf6 51. Ke4 g4 52. Kf4 g3 53. Kxg3 Kxf5 1/2-1/2

[Event "CYCC U12 w"]
[Site "Kapuskasing CAN"]
[Date "2004.07.09"]
[Round "7"]
[White "Ruiter, Chelsea"]
[Black "Xiong, Sonja"]
[Result "0-1"]
[WhiteElo "932"]
[BlackElo "1313"]
[PlyCount "30"]
[GameId "2160767911095921"]
[EventDate "2004.07.06"]
[EventType "tourn"]
[EventRounds "7"]
[EventCountry "CAN"]

1. e4 e5 2. d4 exd4 3. Qxd4 Nc6 4. Qe3 d6 5. Bb5 Bd7 6. Nc3 Nf6 7. h3 Be7 8. Bd2 O-O 9. O-O-O a6 10. Bxc6 Bxc6 11. f3 d5 12. exd5 Nxd5 13. Nxd5 Bxd5 14. Qf2 Bxa2 15. b3 Ba3# 0-1

[Event "CYCC U14"]
[Site "Kapuskasing CAN"]
[Date "2004.07.06"]
[Round "1"]
[White "Brown, Gabriel"]
[Black "Thrones, Tyler"]
[Result "1-0"]
[WhiteElo "1689"]
[BlackElo "1102"]
[PlyCount "43"]
[GameId "2160767911095922"]
[EventDate "2004.07.06"]
[EventType "swiss"]
[EventRounds "7"]
[EventCountry "CAN"]
[SourceTitle "EXT 2006"]
[Source "ChessBase"]
[SourceDate "2005.11.24"]
[SourceVersion "1"]
[SourceVersionDate "2005.11.24"]
[SourceQuality "1"]

1. c4 e5 2. g3 Nf6 3. Bg2 Bc5 4. Nc3 d6 5. e3 Bd7 6. Bxb7 Bc6 7. Bxc6+ Nxc6 8. Nge2 O-O 9. O-O d5 10. d4 Be7 11. c5 e4 12. a3 Qd7 13. b4 g5 14. Kg2 h5 15. f4 Ng4 16. h3 Nh6 17. fxg5 Bxg5 18. Nf4 Bxf4 19. Rxf4 Kh7 20. Qxh5 Rg8 21. Nxd5 Rgf8 22. Nf6+ 1-0

[Event "CYCC U14"]
[Site "Kapuskasing CAN"]
[Date "2004.07.06"]
[Round "1"]
[White "Hsiung, Timothy"]
[Black "Rozybakiyev, Rasul"]
[Result "0-1"]
[WhiteElo "1315"]
[BlackElo "1388"]
[PlyCount "60"]
[GameId "2160767911095923"]
[EventDate "2004.07.06"]
[EventType "swiss"]
[EventRounds "7"]
[EventCountry "CAN"]
[SourceTitle "EXT 2006"]
[Source "ChessBase"]
[SourceDate "2005.11.24"]
[SourceVersion "1"]
[SourceVersionDate "2005.11.24"]
[SourceQuality "1"]

1. d4 d5 2. c4 e6 3. Nc3 Nf6 4. Bg5 Nbd7 5. e3 Be7 6. Nf3 b6 7. cxd5 Nxd5 8. Bxe7 Nxe7 9. Bd3 Bb7 10. O-O O-O 11. Rc1 c5 12. Qe2 Ng6 13. Ne4 cxd4 14. Nxd4 Nde5 15. Bb1 Qd5 16. Rfd1 Qa5 17. Rc7 Ba6 18. Qc2 Rfe8 19. Nb3 Qb4 20. Nd6 Red8 21. a3 Qg4 22. h3 Qh5 23. f4 Nc4 24. Rxc4 Bxc4 25. Rd4 Bd5 26. Ne4 Rac8 27. Qd3 Ne7 28. Kh2 Nc6 29. g4 Qh4 30. Ng5 Qf2# 0-1

[Event "CYCC U14"]
[Site "Kapuskasing CAN"]
[Date "2004.07.06"]
[Round "1"]
[White "McDonald, Justin"]
[Black "Churchill, Sam"]
[Result "1-0"]
[WhiteElo "1858"]
[BlackElo "1597"]
[PlyCount "113"]
[GameId "2160767911095924"]
[EventDate "2004.07.06"]
[EventType "swiss"]
[EventRounds "7"]
[EventCountry "CAN"]
[SourceTitle "EXT 2006"]
[Source "ChessBase"]
[SourceDate "2005.11.24"]
[SourceVersion "1"]
[SourceVersionDate "2005.11.24"]
[SourceQuality "1"]

1. e4 Nf6 2. Nc3 d5 3. e5 Nfd7 4. d4 e6 5. f4 c5 6. Be3 Nc6 7. Nf3 a6 8. Be2 b5 9. O-O Qb6 10. Qd2 cxd4 11. Nxd4 Bc5 12. Rad1 Ndb8 13. a3 Nxd4 14. Bxd4 Nc6 15. Bxc5 Qxc5+ 16. Kh1 Ne7 17. Ne4 Qc7 18. Nd6+ Kf8 19. Bd3 Bb7 20. Qb4 Kg8 21. a4 Nc6 22. Qb3 b4 23. c3 a5 24. Rc1 Qb6 25. Bb5 g6 26. Nxb7 Qxb7 27. Bxc6 Qxc6 28. cxb4 Qb7 29. b5 Kg7 30. Rc5 Rhc8 31. Rfc1 Rd8 32. Qa3 d4 33. Qd3 Qe7 34. R1c4 Rd5 35. Rc7 Qd8 36. b6 Rb8 37. b7 Qh4 38. g3 Qh3 39. Kg1 h5 40. Rxd4 Rxd4 41. Qxd4 h4 42. Qc3 hxg3 43. Rxf7+ Kxf7 44. Qc7+ Kg8 45. Qxb8+ Kg7 46. Qc7+ Kh6 47. Qc2 Qg4 48. b8=Q gxh2+ 49. Kxh2 Qxf4+ 50. Kg1 Qg4+ 51. Qg2 Qd4+ 52. Kh1 Kg7 53. Qc7+ Kh6 54. Qh3+ Kg5 55. Qe7+ Kf4 56. Qf6+ Ke4 57. Qhf3# 1-0

[Event "CYCC U14"]
[Site "Kapuskasing CAN"]
[Date "2004.07.06"]
[Round "1"]
[White "Quan Zhe"]
[Black "Trandafir, Stefan"]
[Result "1-0"]
[WhiteElo "2447"]
[BlackElo "1574"]
[PlyCount "79"]
[GameId "2160767911095926"]
[EventDate "2004.07.06"]
[EventType "swiss"]
[EventRounds "7"]
[EventCountry "CAN"]

1. d4 f5 2. g3 e6 3. Bg2 d5 4. Nf3 Nf6 5. O-O Bd6 6. b3 O-O 7. c4 c6 8. Ba3 Bxa3 9. Nxa3 Nbd7 10. b4 Ne4 11. b5 Qa5 12. bxc6 bxc6 13. Qd3 Ba6 14. Rfc1 Rab8 15. Qe3 Rb2 16. Bf1 Ndf6 17. h3 Qa4 18. Ne5 g5 19. f3 Nxg3 20. Qxg5+ Kh8 21. Qxg3 Qxa3 22. cxd5 Qe3+ 23. Kh1 Rb7 24. Qg1 Qxg1+ 25. Kxg1 Rg7+ 26. Kf2 cxd5 27. Rc6 Bc8 28. Rac1 Rgg8 29. Rc7 Ne8 30. Rxc8 Nd6 31. Rxf8 Rxf8 32. Rc6 Nb5 33. e3 Na3 34. Rxe6 Nb1 35. Bd3 Nc3 36. Re7 Nxa2 37. Nd7 Rg8 38. Nf6 Rg7 39. Re8+ Rg8 40. Rxg8# 1-0

[Event "CYCC U14"]
[Site "Kapuskasing CAN"]
[Date "2004.07.06"]
[Round "2"]
[White "Churchill, Sam"]
[Black "Hsiung, Timothy"]
[Result "1-0"]
[WhiteElo "1597"]
[BlackElo "1315"]
[PlyCount "49"]
[GameId "2160767911095927"]
[EventDate "2004.07.06"]
[EventType "swiss"]
[EventRounds "7"]
[EventCountry "CAN"]
[SourceTitle "EXT 2006"]
[Source "ChessBase"]
[SourceDate "2005.11.24"]
[SourceVersion "1"]
[SourceVersionDate "2005.11.24"]
[SourceQuality "1"]

1. e4 c5 2. b3 d6 3. Bb2 Nf6 4. Bb5+ Bd7 5. Bxd7+ Nbxd7 6. d3 g6 7. f4 Bg7 8. Nf3 O-O 9. O-O b5 10. Qe1 a5 11. a4 b4 12. Nbd2 Qb6 13. Nc4 Qb7 14. Qh4 Rfe8 15. g4 Nb6 16. Ne3 Rad8 17. f5 d5 18. e5 Nfd7 19. fxg6 hxg6 20. Ng5 f6 21. Qh7+ Kf8 22. Ne6+ Kf7 23. Nxg7 Rh8 24. e6+ Kf8 25. Qxh8# 1-0

[Event "CYCC U14"]
[Site "Kapuskasing CAN"]
[Date "2004.07.06"]
[Round "2"]
[White "Rozybakiyev, Rasul"]
[Black "Quan Zhe"]
[Result "0-1"]
[WhiteElo "1388"]
[BlackElo "2447"]
[PlyCount "56"]
[GameId "2160767911095929"]
[EventDate "2004.07.06"]
[EventType "swiss"]
[EventRounds "7"]
[EventCountry "CAN"]

1. e4 c5 2. c3 d5 3. exd5 Qxd5 4. d4 Nf6 5. Nf3 e6 6. Be2 Be7 7. O-O O-O 8. dxc5 Qxc5 9. Be3 Qc7 10. h3 Nc6 11. Nbd2 b6 12. Re1 Bb7 13. Nf1 Rad8 14. Qc2 Nb4 15. Qb3 Nbd5 16. Rad1 Nf4 17. Bxf4 Qxf4 18. Ne3 Bc5 19. c4 Ne4 20. a3 a5 21. Rd3 Rxd3 22. Qxd3 Ng5 23. Ng4 h5 24. Nge5 Nxh3+ 25. gxh3 Qg3+ 26. Kh1 Qxh3+ 27. Kg1 Qg3+ 28. Kh1 Bxf2 0-1

[Event "CYCC U14"]
[Site "Kapuskasing CAN"]
[Date "2004.07.06"]
[Round "2"]
[White "Thrones, Tyler"]
[Black "Pauric, Denis"]
[Result "0-1"]
[WhiteElo "1102"]
[BlackElo "1602"]
[PlyCount "74"]
[GameId "2160767911095930"]
[EventDate "2004.07.06"]
[EventType "swiss"]
[EventRounds "7"]
[EventCountry "CAN"]
[SourceTitle "EXT 2006"]
[Source "ChessBase"]
[SourceDate "2005.11.24"]
[SourceVersion "1"]
[SourceVersionDate "2005.11.24"]
[SourceQuality "1"]

1. e4 d5 2. exd5 Qxd5 3. Nc3 Qa5 4. Bc4 Nf6 5. d3 Bf5 6. Bd2 e6 7. Nf3 c6 8. Nd5 Qd8 9. Nxf6+ Qxf6 10. Bc3 Qd8 11. Qe2 Nd7 12. Nd4 Bg6 13. O-O Nf6 14. Rfe1 Be7 15. Nf3 Qd7 16. Rad1 O-O 17. d4 Nd5 18. Bd2 Bxc2 19. Rc1 Bg6 20. Bd3 Bf6 21. Bg5 Bxg5 22. Nxg5 Nf4 23. Bxg6 Nxe2+ 24. Rxe2 hxg6 25. Nf3 Rfd8 26. Rd1 Qc7 27. Rde1 Qb6 28. Rd1 Rd5 29. Re4 Rad8 30. Rd3 Qxb2 31. Rb3 Qxa2 32. Rxb7 Rxd4 33. Re1 Rd1 34. h3 Rxe1+ 35. Nxe1 Rd1 36. Rb8+ Kh7 37. Kf1 Qc4+ 0-1

[Event "CYCC U14"]
[Site "Kapuskasing CAN"]
[Date "2004.07.06"]
[Round "2"]
[White "Trandafir, Stefan"]
[Black "Brown, Gabriel"]
[Result "1/2-1/2"]
[WhiteElo "1574"]
[BlackElo "1689"]
[PlyCount "82"]
[GameId "2160767911095931"]
[EventDate "2004.07.06"]
[EventType "swiss"]
[EventRounds "7"]
[EventCountry "CAN"]
[SourceTitle "EXT 2006"]
[Source "ChessBase"]
[SourceDate "2005.11.24"]
[SourceVersion "1"]
[SourceVersionDate "2005.11.24"]
[SourceQuality "1"]

1. e4 c5 2. d4 cxd4 3. c3 dxc3 4. Nxc3 Nc6 5. Bc4 e6 6. Nf3 Bb4 7. O-O a6 8. a3 Bxc3 9. bxc3 Nge7 10. Bf4 d5 11. exd5 Nxd5 12. Bxd5 Qxd5 13. Qxd5 exd5 14. Rfe1+ Be6 15. Ng5 Nd8 16. Bc7 O-O 17. Bxd8 Rfxd8 18. Nxe6 fxe6 19. Rxe6 Rac8 20. Re3 Rc5 21. Kf1 Rdc8 22. Rd3 Rxc3 23. Rxd5 Rc1+ 24. Rxc1 Rxc1+ 25. Ke2 Rc2+ 26. Rd2 Rxd2+ 27. Kxd2 Kf7 28. Kd3 Ke6 29. Ke4 b5 30. Kd4 Kd6 31. f4 a5 32. g4 b4 33. axb4 axb4 34. Kc4 b3 35. Kxb3 Kd5 36. Kc3 Ke4 37. f5 Kf4 38. h3 h6 39. Kd3 h5 40. gxh5 Kxf5 41. h6 gxh6 1/2-1/2

[Event "CYCC U14"]
[Site "Kapuskasing CAN"]
[Date "2004.07.07"]
[Round "3"]
[White "Brown, Gabriel"]
[Black "McDonald, Justin"]
[Result "1-0"]
[WhiteElo "1689"]
[BlackElo "1858"]
[PlyCount "46"]
[GameId "2160767911095932"]
[EventDate "2004.07.06"]
[EventType "swiss"]
[EventRounds "7"]
[EventCountry "CAN"]
[SourceTitle "EXT 2006"]
[Source "ChessBase"]
[SourceDate "2005.11.24"]
[SourceVersion "1"]
[SourceVersionDate "2005.11.24"]
[SourceQuality "1"]

1. c4 e5 2. g3 Nc6 3. Bg2 Nf6 4. Nc3 Bc5 5. e3 d6 6. Nge2 Bf5 7. d4 exd4 8. exd4 Bb6 9. b4 a6 10. O-O O-O 11. a3 Qd7 12. c5 Ba7 13. Qa4 Nd8 14. Qxd7 Bxd7 15. Bg5 dxc5 16. Bxf6 gxf6 17. dxc5 c6 18. Nf4 Bb8 19. Ne4 Be5 20. Rad1 Be6 21. Nh5 f5 22. Nef6+ Kh8 23. Nd7 Bb2 1-0

[Event "CYCC U14"]
[Site "Kapuskasing CAN"]
[Date "2004.07.07"]
[Round "3"]
[White "Pauric, Denis"]
[Black "Rozybakiyev, Rasul"]
[Result "0-1"]
[WhiteElo "1602"]
[BlackElo "1388"]
[PlyCount "92"]
[GameId "2160767911095934"]
[EventDate "2004.07.06"]
[EventType "swiss"]
[EventRounds "7"]
[EventCountry "CAN"]
[SourceTitle "EXT 2006"]
[Source "ChessBase"]
[SourceDate "2005.11.24"]
[SourceVersion "1"]
[SourceVersionDate "2005.11.24"]
[SourceQuality "1"]

1. d4 d5 2. Nf3 Nf6 3. Bf4 e6 4. e3 c5 5. c3 Nc6 6. Bd3 Be7 7. Nbd2 b6 8. Qe2 Bb7 9. Ne5 Nxe5 10. Bxe5 O-O 11. O-O Bd6 12. Nf3 Ne4 13. Rfe1 f5 14. Rac1 Rc8 15. Bxd6 Qxd6 16. Ne5 Qe7 17. f3 Nd6 18. Bb5 c4 19. Ba4 b5 20. Bc2 Nf7 21. f4 Nxe5 22. fxe5 b4 23. Qd2 a5 24. Ra1 Bc6 25. Reb1 Rb8 26. b3 Bb5 27. bxc4 Bxc4 28. Rb2 Rfc8 29. cxb4 axb4 30. Rab1 Qa7 31. Bb3 Qa3 32. Bxc4 dxc4 33. Qe1 c3 34. Rc2 Qa6 35. Rb3 Qd3 36. Qc1 Qc4 37. Kf2 Ra8 38. Qb1 Rcb8 39. Rcxc3 Qxc3 40. Rxc3 bxc3 41. Qd3 Rxa2+ 42. Kg3 Rc8 43. Qb1 Rb2 44. Qc1 c2 45. Qxb2 c1=Q 46. Qb7 Qxe3+ 0-1

[Event "CYCC U14"]
[Site "Kapuskasing CAN"]
[Date "2004.07.07"]
[Round "3"]
[White "Trandafir, Stefan"]
[Black "Churchill, Sam"]
[Result "1/2-1/2"]
[WhiteElo "1574"]
[BlackElo "1597"]
[PlyCount "48"]
[GameId "2160767911095936"]
[EventDate "2004.07.06"]
[EventType "swiss"]
[EventRounds "7"]
[EventCountry "CAN"]
[SourceTitle "EXT 2006"]
[Source "ChessBase"]
[SourceDate "2005.11.24"]
[SourceVersion "1"]
[SourceVersionDate "2005.11.24"]
[SourceQuality "1"]

1. e4 Nf6 2. e5 Nd5 3. c4 Nb6 4. d4 d6 5. f4 dxe5 6. fxe5 Nc6 7. Be3 Bf5 8. Nf3 e6 9. Be2 Bg4 10. h3 Bxf3 11. gxf3 Qh4+ 12. Bf2 Qf4 13. Qd2 Qxd2+ 14. Nxd2 O-O-O 15. Nb3 f6 16. f4 h5 17. Rg1 g5 18. exf6 gxf4 19. Rg6 Rh6 20. Rxh6 Bxh6 21. c5 Nd5 22. Bxh5 Nxf6 23. Bf3 Nd5 24. Bg4 Re8 1/2-1/2

[Event "CYCC U14"]
[Site "Kapuskasing CAN"]
[Date "2004.07.07"]
[Round "4"]
[White "Brown, Gabriel"]
[Black "Quan Zhe"]
[Result "0-1"]
[WhiteElo "1689"]
[BlackElo "2447"]
[PlyCount "64"]
[GameId "2160767911095937"]
[EventDate "2004.07.06"]
[EventType "swiss"]
[EventRounds "7"]
[EventCountry "CAN"]
[SourceTitle "EXT 2006"]
[Source "ChessBase"]
[SourceDate "2005.11.24"]
[SourceVersion "1"]
[SourceVersionDate "2005.11.24"]
[SourceQuality "1"]

1. c4 g6 2. g3 Bg7 3. Bg2 d6 4. Nc3 e5 5. e4 Ne7 6. Nge2 Nbc6 7. O-O O-O 8. d3 Be6 9. Nd5 f5 10. f4 Qd7 11. a3 fxe4 12. dxe4 Bg4 13. Bf3 Bxf3 14. Rxf3 Nd4 15. Nxd4 exd4 16. b4 c6 17. Nxe7+ Qxe7 18. Qd3 Rae8 19. Bb2 Qxe4 20. Rd1 c5 21. bxc5 dxc5 22. a4 Qxd3 23. Rfxd3 Re2 24. Ba3 b6 25. a5 Rc2 26. axb6 axb6 27. Rb3 Ra8 28. Rdd3 Rxc4 29. Rxb6 Rc3 30. Rxc3 dxc3 31. Bxc5 c2 32. Be3 Bd4 0-1

[Event "CYCC U14"]
[Site "Kapuskasing CAN"]
[Date "2004.07.07"]
[Round "4"]
[White "Churchill, Sam"]
[Black "Pauric, Denis"]
[Result "1-0"]
[WhiteElo "1597"]
[BlackElo "1602"]
[PlyCount "57"]
[GameId "2160767911095938"]
[EventDate "2004.07.06"]
[EventType "swiss"]
[EventRounds "7"]
[EventCountry "CAN"]
[SourceTitle "EXT 2006"]
[Source "ChessBase"]
[SourceDate "2005.11.24"]
[SourceVersion "1"]
[SourceVersionDate "2005.11.24"]
[SourceQuality "1"]

1. e4 d5 2. exd5 Qxd5 3. Nc3 Qa5 4. Nf3 Nf6 5. b3 Bf5 6. Be2 c6 7. O-O e6 8. Bb2 Nbd7 9. Re1 Bd6 10. a3 O-O 11. Nh4 Bg6 12. Nxg6 hxg6 13. Bd3 Nd5 14. Ne4 Bc7 15. b4 Qb6 16. c4 Nxb4 17. axb4 Qxb4 18. Ba3 Bxh2+ 19. Kxh2 Qa5 20. Bxf8 Qd8 21. Bd6 Qh4+ 22. Kg1 f5 23. Bg3 Qh6 24. Nc3 Kf7 25. Qe2 Re8 26. Qe3 Qh7 27. Rxa7 Nf6 28. Rxb7+ Kg8 29. Rb8 1-0

[Event "CYCC U14"]
[Site "Kapuskasing CAN"]
[Date "2004.07.07"]
[Round "4"]
[White "McDonald, Justin"]
[Black "Hsiung, Timothy"]
[Result "1/2-1/2"]
[WhiteElo "1858"]
[BlackElo "1315"]
[PlyCount "103"]
[GameId "2160767911095939"]
[EventDate "2004.07.06"]
[EventType "swiss"]
[EventRounds "7"]
[EventCountry "CAN"]
[SourceTitle "EXT 2006"]
[Source "ChessBase"]
[SourceDate "2005.11.24"]
[SourceVersion "1"]
[SourceVersionDate "2005.11.24"]
[SourceQuality "1"]

1. e4 c5 2. Nf3 d6 3. d4 cxd4 4. Nxd4 Nf6 5. Nc3 g6 6. Be3 Bg7 7. Bd3 O-O 8. O-O Nc6 9. f3 Qb6 10. Na4 Qc7 11. Qd2 Bd7 12. Nc3 a6 13. a4 Ne5 14. Nb3 Nxd3 15. cxd3 Rfc8 16. Rfc1 Qd8 17. a5 Rab8 18. Ba7 Ra8 19. Bb6 Qf8 20. Rc2 Qe8 21. Nd4 Bc6 22. Nxc6 Rxc6 23. Be3 Qd8 24. b4 Rac8 25. Rac1 d5 26. Bb6 Rxb6 27. axb6 Qxb6+ 28. Qf2 Qxb4 29. Nxd5 Rxc2 30. Qxc2 Nxd5 31. exd5 Qd4+ 32. Kf1 Qxd5 33. Qc4 Qd6 34. h3 b5 35. Qb3 Qd7 36. Qc2 Qd6 37. Ke2 Qg3 38. Kd1 Qd6 39. Qb3 Qh2 40. Rc8+ Bf8 41. Qb2 Qg1+ 42. Kc2 Qxg2+ 43. Kb3 Qxb2+ 44. Kxb2 f5 45. Ra8 Kf7 46. Rxa6 b4 47. Kb3 e6 48. Ra7+ Be7 49. Kc4 h6 50. Kd4 Kf6 51. Rb7 g5 52. Ke3 1/2-1/2

[Event "CYCC U14"]
[Site "Kapuskasing CAN"]
[Date "2004.07.07"]
[Round "4"]
[White "Thrones, Tyler"]
[Black "Trandafir, Stefan"]
[Result "0-1"]
[WhiteElo "1102"]
[BlackElo "1574"]
[PlyCount "55"]
[GameId "2160767911095941"]
[EventDate "2004.07.06"]
[EventType "swiss"]
[EventRounds "7"]
[EventCountry "CAN"]
[SourceTitle "EXT 2006"]
[Source "ChessBase"]
[SourceDate "2005.11.24"]
[SourceVersion "1"]
[SourceVersionDate "2005.11.24"]
[SourceQuality "1"]

1. e4 c5 2. Nf3 Nc6 3. Bc4 e6 4. c3 d5 5. exd5 exd5 6. Bb3 Bg4 7. O-O Nf6 8. Qe1+ Be7 9. d4 Bxf3 10. gxf3 cxd4 11. cxd4 Nxd4 12. Qc3 Ne2+ 13. Kh1 Nxc3 14. Nxc3 O-O 15. Bg5 d4 16. Rad1 Qa5 17. Bxf6 Bxf6 18. Nd5 Rad8 19. Nf4 Qf5 20. Nd3 Qxf3+ 21. Kg1 Rfe8 22. Rc1 Qxd3 23. Rc4 Re5 24. f4 Qe3+ 25. Kh1 Rh5 26. Rfc1 Qg3 27. R4c2 Qxf4 28. Rg2 0-1

[Event "CYCC U14"]
[Site "Kapuskasing CAN"]
[Date "2004.07.08"]
[Round "5"]
[White "Hsiung, Timothy"]
[Black "Pauric, Denis"]
[Result "1-0"]
[WhiteElo "1315"]
[BlackElo "1602"]
[PlyCount "53"]
[GameId "2160767911095942"]
[EventDate "2004.07.06"]
[EventType "swiss"]
[EventRounds "7"]
[EventCountry "CAN"]
[SourceTitle "EXT 2006"]
[Source "ChessBase"]
[SourceDate "2005.11.24"]
[SourceVersion "1"]
[SourceVersionDate "2005.11.24"]
[SourceQuality "1"]

1. d4 d5 2. c4 c6 3. Nc3 Nf6 4. Bg5 Nbd7 5. e3 h6 6. Bh4 e6 7. Nf3 Be7 8. Be2 dxc4 9. Bxc4 Qc7 10. O-O g5 11. Bg3 Bd6 12. e4 Be7 13. Bxc7 g4 14. Ne5 h5 15. Nxd7 Bxd7 16. Be5 O-O-O 17. d5 Rdg8 18. dxc6 Bxc6 19. Bxf6 Bxf6 20. Re1 Be5 21. a4 h4 22. Bb5 g3 23. fxg3 Bxg3 24. hxg3 Rxg3 25. Kf2 Rhg8 26. Rg1 R8g4 27. Bxc6 1-0

[Event "CYCC U14"]
[Site "Kapuskasing CAN"]
[Date "2004.07.08"]
[Round "5"]
[White "McDonald, Justin"]
[Black "Thrones, Tyler"]
[Result "1-0"]
[WhiteElo "1858"]
[BlackElo "1102"]
[PlyCount "49"]
[GameId "2160767911095943"]
[EventDate "2004.07.06"]
[EventType "swiss"]
[EventRounds "7"]
[EventCountry "CAN"]
[SourceTitle "EXT 2006"]
[Source "ChessBase"]
[SourceDate "2005.11.24"]
[SourceVersion "1"]
[SourceVersionDate "2005.11.24"]
[SourceQuality "1"]

1. e4 e5 2. Nf3 Nc6 3. Bb5 Nge7 4. Nc3 g6 5. O-O Bg7 6. d3 b6 7. Be3 Bb7 8. Qd2 d5 9. exd5 Nxd5 10. Bh6 Bxh6 11. Qxh6 Qd6 12. Nxe5 Nxc3 13. bxc3 O-O-O 14. Nxf7 Qd5 15. Bc4 Qd7 16. Rfe1 Rhf8 17. Be6 Qxe6 18. Rxe6 Rxf7 19. Rae1 Ne7 20. Rxe7 Rxe7 21. Rxe7 Ba6 22. Qxh7 g5 23. Rxc7+ Kb8 24. Rxa7 Re8 25. Qc7# 1-0

[Event "CYCC U14"]
[Site "Kapuskasing CAN"]
[Date "2004.07.08"]
[Round "5"]
[White "Quan Zhe"]
[Black "Churchill, Sam"]
[Result "1-0"]
[WhiteElo "2447"]
[BlackElo "1597"]
[PlyCount "59"]
[GameId "2160767911095945"]
[EventDate "2004.07.06"]
[EventType "swiss"]
[EventRounds "7"]
[EventCountry "CAN"]
[SourceTitle "EXT 2006"]
[Source "ChessBase"]
[SourceDate "2005.11.24"]
[SourceVersion "1"]
[SourceVersionDate "2005.11.24"]
[SourceQuality "1"]

1. d4 Nf6 2. c4 c5 3. d5 b5 4. cxb5 a6 5. b6 Qxb6 6. Nc3 g6 7. e4 d6 8. Be2 Bg7 9. Nf3 Bg4 10. Nd2 Bxe2 11. Qxe2 O-O 12. O-O Nbd7 13. Nc4 Qc7 14. Bd2 Rfb8 15. Rab1 Nb6 16. Na5 Nc8 17. Nc6 Rb7 18. f4 Nd7 19. b3 Nb8 20. Nxb8 Qxb8 21. Rbe1 Bd4+ 22. Kh1 e5 23. dxe6 fxe6 24. f5 Rg7 25. fxe6 Ne7 26. Nd5 Nc6 27. Bh6 Raa7 28. Bxg7 Bxg7 29. Qg4 Qe8 30. e7 1-0

[Event "CYCC U14"]
[Site "Kapuskasing CAN"]
[Date "2004.07.08"]
[Round "5"]
[White "Rozybakiyev, Rasul"]
[Black "Trandafir, Stefan"]
[Result "1-0"]
[WhiteElo "1388"]
[BlackElo "1574"]
[PlyCount "105"]
[GameId "2160767911095946"]
[EventDate "2004.07.06"]
[EventType "swiss"]
[EventRounds "7"]
[EventCountry "CAN"]
[SourceTitle "EXT 2006"]
[Source "ChessBase"]
[SourceDate "2005.11.24"]
[SourceVersion "1"]
[SourceVersionDate "2005.11.24"]
[SourceQuality "1"]

1. e4 c5 2. c3 Nc6 3. d4 cxd4 4. cxd4 d5 5. exd5 Qxd5 6. Nf3 Bg4 7. Be2 Nf6 8. Nc3 Qd8 9. d5 Nb8 10. Bf4 Nh5 11. Be3 Nf6 12. h3 Bf5 13. Qb3 Nbd7 14. Qxb7 Qb8 15. Qxb8+ Rxb8 16. b3 Nb6 17. Bb5+ Bd7 18. Bxd7+ Nfxd7 19. O-O Nf6 20. Rfd1 g6 21. Rac1 Bg7 22. d6 exd6 23. Rxd6 O-O 24. Nb5 Nc8 25. Rdc6 Rxb5 26. Rxc8 Ra5 27. Rxf8+ Bxf8 28. a4 Ra6 29. Rc8 Kg7 30. Ra8 Bb4 31. Rxa7 Rxa7 32. Bxa7 Ne4 33. Kf1 Nd2+ 34. Nxd2 Bxd2 35. Ke2 Ba5 36. Kd3 Kf6 37. Kc4 Ke6 38. b4 Bc7 39. b5 Kd7 40. b6 Bd6 41. b7 Kc6 42. b8=Q Bxb8 43. Bxb8 f5 44. a5 g5 45. a6 g4 46. a7 Kb7 47. Kd5 gxh3 48. gxh3 f4 49. Ke4 f3 50. Kxf3 Ka8 51. Kg4 Kb7 52. f4 h5+ 53. Kxh5 1-0

[Event "CYCC U14"]
[Site "Kapuskasing CAN"]
[Date "2004.07.08"]
[Round "6"]
[White "Pauric, Denis"]
[Black "Brown, Gabriel"]
[Result "1/2-1/2"]
[WhiteElo "1602"]
[BlackElo "1689"]
[PlyCount "88"]
[GameId "2160767911095948"]
[EventDate "2004.07.06"]
[EventType "swiss"]
[EventRounds "7"]
[EventCountry "CAN"]

1. d4 Nf6 2. Nf3 g6 3. Bf4 Bg7 4. e3 O-O 5. h3 d5 6. Nbd2 Bf5 7. Ne5 Nbd7 8. Ndf3 Ne4 9. c4 Nxe5 10. Bxe5 Bxe5 11. Nxe5 f6 12. Nf3 c6 13. Bd3 Kh8 14. O-O Nd6 15. c5 Bxd3 16. Qxd3 Ne4 17. Nd2 f5 18. Rfe1 Qc7 19. Nf3 f4 20. Ne5 fxe3 21. f3 Nf6 22. Qxe3 Rae8 23. Re2 b6 24. b4 bxc5 25. bxc5 Kg7 26. Rb1 Nd7 27. Nxd7 Qxd7 28. Qe5+ Kg8 29. Reb2 Rf5 30. Qe3 Rc8 31. Rb7 Rc7 32. Rb8+ Kg7 33. g4 Rf6 34. Qe5 h6 35. h4 Qe6 36. Qxe6 Rxe6 37. Kf2 g5 38. h5 Rf6 39. R1b7 Rxb7 40. Rxb7 Rf8 41. Rxa7 Kf7 42. Rb7 Ra8 43. Rb2 Ra3 44. Ke2 Ke6 1/2-1/2

[Event "CYCC U14"]
[Site "Kapuskasing CAN"]
[Date "2004.07.08"]
[Round "6"]
[White "Quan Zhe"]
[Black "McDonald, Justin"]
[Result "1-0"]
[WhiteElo "2447"]
[BlackElo "1858"]
[PlyCount "45"]
[GameId "2160767911095949"]
[EventDate "2004.07.06"]
[EventType "swiss"]
[EventRounds "7"]
[EventCountry "CAN"]

1. d4 Nf6 2. c4 c5 3. d5 b5 4. cxb5 a6 5. b6 Qxb6 6. Nc3 g6 7. e4 d6 8. Be2 Bg7 9. Nf3 Nbd7 10. Nd2 O-O 11. Nc4 Qc7 12. Bf4 Nb6 13. Ne3 Bd7 14. a4 Rfb8 15. O-O Be8 16. Qc2 Nfd7 17. Bg3 Bd4 18. Qc1 Ne5 19. a5 Nbd7 20. f4 Bxe3+ 21. Qxe3 Rxb2 22. fxe5 dxe5 23. Na4 1-0